00676cam a22001811 4500001001300000003000400013005001700017008004100034010001700075035001900092040003900111050001400150100004700164245018200211260006600393300001500459650002000474ne 64000216 DLC20260227111755.0820702m19639999ua 000 0 ararc ane 64000216  a(OCoLC)8570903 aPrinceton Univ. Libr.cTUdTUdDLC00aBP53b.S81 aSurūr, Muḥammad Jamāl al-Dīn,eed.10aNuṣūṣ mukhtārah min marājiʻ al-tārīkh al-Islāmī,cIkhtiyār Muḥammad Jamāl al-Dīn Surūr [wa] Ḥasan Aḥmad Maḥmūd [wa] Aḥmad Sayyid Darrāj. a[al-Qāhirah]bMaktabat al-Anjlū al-Miṣrīyah,c[1963-] av.c24 cm. 0aIslamxHistory.